| 000 | 00875nam a22002897a 4500 | ||
|---|---|---|---|
| 001 | 9887 | ||
| 003 | FISKH | ||
| 005 | 20260312090545.0 | ||
| 008 | 260312b cb ||||| |||| 00| 0 eng d | ||
| 020 | _a9780545255073 | ||
| 040 |
_aFISKH _beng _cFISKH _dFISKH |
||
| 050 | _aSF416 .Z85 | ||
| 082 | _a636.088 | ||
| 100 | _aZullo , Allan | ||
| 245 |
_aMiracle pets : _bTrue tales of courage and survival / _cBy Allan Zullo |
||
| 250 | _aFirst Scholastic printing , September 2011 | ||
| 260 |
_aNew York : _bScholastic , _c2011. |
||
| 300 |
_a122 pages : _bcolor illustrations ; _c19 cm . |
||
| 505 | _aZ | ||
| 520 | _aTrue tales of brave animals who overcame life-threatening situations. | ||
| 521 | 8 |
_a1050
_bLexile |
|
| 521 | 8 |
_aZ
_bRaz-Plus |
|
| 650 |
_aPets _vNon-fiction |
||
| 650 |
_aAnimals _vNon-fiction |
||
| 942 |
_2ddc _cBK _n0 |
||
| 999 |
_c9887 _d9887 |
||